Statistics for Overheat The Earth By Answering Geography Questions

Click here to take the quiz!

General Stats

  • This quiz has been taken 79 times
  • The average score is 594 of 852

Answers on the Map

Answers color-coded by a green-red scale on the quiz's map according to % correct below.
 

Answer Stats

Temp. NeededCelciusFahrenheitCountryQuestionAnswer% Correct
80-901.735.1FinlandGermany
100%
80-902.736.9DenmarkGermany
100%
80-902.135.8SwedenGermany
100%
80-902.035.6TajikistanGermany
100%
80-901.835.2IcelandGermany
100%
80-901.634.9KyrgyzstanGermany
100%
80-901.534.7NorwayGermany
100%
80-90-0.730.7MongoliaWhat is the one country that Denmark shares a land border with?Germany
100%
<80-5.122.8RussiaWhat is the most populous city in Canada?Toronto
100%
<80-5.422.3CanadaWhat is the most populous city in Canada?Toronto
100%
<80-5.122.8RussiaWhat is the most populous city in Canada?Toronto
100%
<80-5.122.8RussiaWhat is the most populous city in Canada?Toronto
100%
<80-5.122.8RussiaWhat is the most populous city in Canada?Toronto
100%
<80-5.422.3CanadaWhat is the most populous city in Canada?Toronto
100%
<80-5.122.8RussiaWhat is the most populous city in Canada?Toronto
100%
<80-5.122.8RussiaWhat is the most populous city in Canada?Toronto
100%
<80-5.122.8RussiaWhat is the most populous city in Canada?Toronto
100%
<80-5.422.3CanadaWhat is the most populous city in Canada?Toronto
100%
<80-5.422.3CanadaWhat is the most populous city in Canada?Toronto
100%
<80-5.122.8RussiaWhat is the most populous city in Canada?Toronto
100%
<80-5.122.8RussiaWhat is the most populous city in Canada?Toronto
100%
<80-5.122.8RussiaWhat is the most populous city in Canada?Toronto
100%
<80-5.122.8RussiaWhat is the most populous city in Canada?Toronto
100%
<80-5.122.8RussiaWhat is the most populous city in Canada?Toronto
100%
<80-5.122.8RussiaWhat is the most populous city in Canada?Toronto
100%
<80-5.122.8RussiaWhat is the most populous city in Canada?Toronto
100%
<80-5.122.8RussiaWhat is the most populous city in Canada?Toronto
100%
90-957.044.6ChinaGuangzhou
77%
90-957.044.6ChinaGuangzhou
77%
90-957.044.6ChinaGuangzhou
77%
90-957.044.6ChinaGuangzhou
77%
90-957.044.6ChinaGuangzhou
77%
90-957.044.6ChinaGuangzhou
77%
90-957.044.6ChinaGuangzhou
77%
90-957.044.6ChinaGuangzhou
77%
90-957.044.6ChinaGuangzhou
77%
90-957.044.6ChinaGuangzhou
77%
90-957.044.6ChinaGuangzhou
77%
90-957.044.6ChinaGuangzhou
77%
90-957.044.6ChinaGuangzhou
77%
90-957.044.6ChinaGuangzhou
77%
90-957.044.6ChinaGuangzhou
77%
90-957.044.6ChinaGuangzhou
77%
90-957.044.6ChinaGuangzhou
77%
90-957.044.6ChinaGuangzhou
77%
90-957.044.6ChinaGuangzhou
77%
90-957.044.6ChinaGuangzhou
77%
90-957.044.6ChinaGuangzhou
77%
90-957.044.6ChinaGuangzhou
77%
90-957.044.6ChinaGuangzhou
77%
90-957.044.6ChinaGuangzhou
77%
90-957.044.6ChinaGuangzhou
77%
90-957.044.6ChinaGuangzhou
77%
90-957.044.6ChinaGuangzhou
77%
90-957.044.6ChinaGuangzhou
77%
90-957.044.6ChinaGuangzhou
77%
90-957.044.6ChinaGuangzhou
77%
90-957.044.6ChinaGuangzhou
77%
90-957.044.6ChinaGuangzhou
77%
90-957.044.6ChinaGuangzhou
77%
90-957.044.6ChinaGuangzhou
77%
90-957.044.6ChinaGuangzhou
77%
90-957.044.6ChinaGuangzhou
77%
90-957.044.6ChinaGuangzhou
77%
90-957.044.6ChinaGuangzhou
77%
90-957.044.6ChinaGuangzhou
77%
90-957.044.6ChinaGuangzhou
77%
90-957.044.6ChinaGuangzhou
77%
90-957.044.6ChinaGuangzhou
77%
90-957.044.6ChinaGuangzhou
77%
90-957.044.6ChinaGuangzhou
77%
90-957.044.6ChinaGuangzhou
77%
90-957.044.6ChinaGuangzhou
77%
90-957.044.6ChinaGuangzhou
77%
90-957.044.6ChinaGuangzhou
77%
90-957.044.6ChinaGuangzhou
77%
90-957.044.6ChinaGuangzhou
77%
90-957.044.6ChinaGuangzhou
77%
90-957.044.6ChinaGuangzhou
77%
90-957.044.6ChinaGuangzhou
77%
90-957.044.6ChinaGuangzhou
77%
90-957.044.6ChinaGuangzhou
77%
90-957.044.6ChinaGuangzhou
77%
90-957.245.0ArmeniaGuangzhou
77%
90-957.044.6ChinaGuangzhou
77%
90-957.044.6ChinaGuangzhou
77%
90-957.044.6ChinaGuangzhou
77%
90-957.044.6ChinaGuangzhou
77%
90-957.044.6ChinaGuangzhou
77%
90-957.044.6ChinaGuangzhou
77%
90-957.044.6ChinaGuangzhou
77%
90-957.044.6ChinaGuangzhou
77%
90-957.044.6ChinaGuangzhou
77%
90-957.044.6ChinaGuangzhou
77%
90-957.044.6ChinaGuangzhou
77%
90-957.044.6ChinaGuangzhou
77%
90-957.044.6ChinaGuangzhou
77%
90-957.044.6ChinaGuangzhou
77%
90-957.044.6ChinaGuangzhou
77%
90-957.044.6ChinaGuangzhou
77%
90-957.044.6ChinaGuangzhou
77%
90-957.044.6ChinaGuangzhou
77%
90-957.044.6ChinaGuangzhou
77%
90-957.044.6ChinaGuangzhou
77%
90-957.044.6ChinaGuangzhou
77%
90-957.044.6ChinaGuangzhou
77%
90-957.044.6ChinaGuangzhou
77%
90-957.044.6ChinaGuangzhou
77%
90-957.044.6ChinaGuangzhou
77%
90-957.044.6ChinaGuangzhou
77%
90-957.044.6ChinaGuangzhou
77%
90-957.044.6ChinaGuangzhou
77%
90-957.044.6ChinaGuangzhou
77%
90-957.044.6ChinaGuangzhou
77%
90-957.044.6ChinaGuangzhou
77%
90-957.044.6ChinaGuangzhou
77%
90-957.044.6ChinaGuangzhou
77%
90-957.044.6ChinaGuangzhou
77%
90-957.044.6ChinaGuangzhou
77%
90-957.044.6ChinaGuangzhou
77%
90-957.044.6ChinaGuangzhou
77%
90-957.044.6ChinaGuangzhou
77%
90-957.044.6ChinaGuangzhou
77%
90-957.044.6ChinaGuangzhou
77%
90-957.044.6ChinaGuangzhou
77%
90-957.044.6ChinaGuangzhou
77%
90-957.044.6ChinaGuangzhou
77%
90-955.742.3North KoreaGuangzhou
77%
90-959.840.6North MacedoniaWhat is the most populous urban area in the world?Guangzhou
77%
90-955.141.2EstoniaGuangzhou
77%
90-955.541.9SwitzerlandGuangzhou
77%
90-955.642.1LatviaGuangzhou
77%
90-955.742.3LiechtensteinGuangzhou
77%
90-955.742.3North KoreaGuangzhou
77%
90-955.742.3North KoreaGuangzhou
77%
90-955.842.4GeorgiaGuangzhou
77%
90-957.044.6ChinaGuangzhou
77%
90-956.243.2BelarusGuangzhou
77%
90-956.243.2LithuaniaGuangzhou
77%
90-956.443.5AustriaGuangzhou
77%
90-956.443.5KazakhstanGuangzhou
77%
90-956.443.5KazakhstanGuangzhou
77%
90-956.844.2SlovakiaGuangzhou
77%
90-957.044.6ChinaGuangzhou
77%
90-957.044.6ChinaGuangzhou
77%
90-957.044.6ChinaGuangzhou
77%
90-957.044.6ChinaGuangzhou
77%
90-957.044.6ChinaGuangzhou
77%
90-957.044.6ChinaGuangzhou
77%
90-957.044.6ChinaGuangzhou
77%
90-957.044.6ChinaGuangzhou
77%
90-957.044.6ChinaGuangzhou
77%
90-957.044.6ChinaGuangzhou
77%
90-957.044.6ChinaGuangzhou
77%
90-957.044.6ChinaGuangzhou
77%
90-957.044.6ChinaGuangzhou
77%
90-957.044.6ChinaGuangzhou
77%
90-957.044.6ChinaGuangzhou
77%
90-957.044.6ChinaGuangzhou
77%
90-957.044.6ChinaGuangzhou
77%
90-957.044.6ChinaGuangzhou
77%
90-957.044.6ChinaGuangzhou
77%
90-957.044.6ChinaGuangzhou
77%
90-957.044.6ChinaGuangzhou
77%
90-957.044.6ChinaGuangzhou
77%
90-957.044.6ChinaGuangzhou
77%
90-957.044.6ChinaGuangzhou
77%
90-957.044.6ChinaGuangzhou
77%
90-957.044.6ChinaGuangzhou
77%
90-957.044.6ChinaGuangzhou
77%
90-957.044.6ChinaGuangzhou
77%
90-957.044.6ChinaGuangzhou
77%
90-957.044.6ChinaGuangzhou
77%
90-957.044.6ChinaGuangzhou
77%
90-957.044.6ChinaGuangzhou
77%
90-957.044.6ChinaGuangzhou
77%
90-957.044.6ChinaGuangzhou
77%
90-957.044.6ChinaGuangzhou
77%
90-957.044.6ChinaGuangzhou
77%
90-957.044.6ChinaGuangzhou
77%
90-957.044.6ChinaGuangzhou
77%
90-957.044.6ChinaGuangzhou
77%
90-957.044.6ChinaGuangzhou
77%
90-957.044.6ChinaGuangzhou
77%
90-957.044.6ChinaGuangzhou
77%
90-957.044.6ChinaGuangzhou
77%
95-1008.647.5United StatesArizona
75%
95-1008.647.5United StatesArizona
75%
95-1008.647.5United StatesArizona
75%
95-1008.647.5United StatesArizona
75%
95-1008.647.5United StatesArizona
75%
95-1008.647.5United StatesArizona
75%
95-1008.647.5United StatesArizona
75%
95-1008.647.5United StatesArizona
75%
95-1008.647.5United StatesArizona
75%
95-1008.647.5United StatesArizona
75%
95-1008.647.5United StatesArizona
75%
95-1008.647.5United StatesArizona
75%
95-1008.647.5United StatesArizona
75%
95-1008.647.5United StatesArizona
75%
95-1008.647.5United StatesArizona
75%
95-1008.647.5United StatesArizona
75%
95-1008.647.5United StatesArizona
75%
95-1008.647.5United StatesArizona
75%
95-1008.647.5United StatesArizona
75%
95-1009.949.8TurkeyArizona
75%
95-1008.647.5United StatesArizona
75%
95-1009.849.6HungaryArizona
75%
95-1008.647.5United StatesArizona
75%
95-1009.949.8TurkeyArizona
75%
95-1009.949.8TurkeyArizona
75%
95-1009.949.8TurkeyArizona
75%
95-1009.949.8TurkeyArizona
75%
95-1009.949.8TurkeyArizona
75%
95-1009.949.8TurkeyArizona
75%
95-1009.949.8Bosnia & HerzegovinaArizona
75%
95-1009.649.3BelgiumArizona
75%
95-1008.747.7LuxembourgArizona
75%
95-1009.549.1MoldovaArizona
75%
95-1009.549.1KosovoArizona
75%
95-1009.348.7NetherlandsArizona
75%
95-1009.348.7NetherlandsArizona
75%
95-1009.348.7IrelandArizona
75%
95-1008.948.0SloveniaArizona
75%
95-1008.847.8RomaniaArizona
75%
95-1008.847.8RomaniaArizona
75%
95-1008.647.5United StatesArizona
75%
95-1009.949.8TurkeyArizona
75%
95-1008.647.5United StatesArizona
75%
95-1008.146.6NepalArizona
75%
95-1008.547.3GermanyArizona
75%
95-1008.547.3GermanyArizona
75%
95-1008.547.3ChileArizona
75%
95-1008.547.3ChileArizona
75%
95-1008.346.9UkraineArizona
75%
95-1008.346.9UkraineArizona
75%
95-1008.346.9UkraineArizona
75%
95-1008.146.6NepalArizona
75%
95-1008.146.6NepalArizona
75%
95-1008.547.3GermanyArizona
75%
95-1007.946.2PolandArizona
75%
95-1007.946.2PolandArizona
75%
95-1007.946.2PolandArizona
75%
95-1007.946.2PolandArizona
75%
95-1007.645.7Czech RepublicArizona
75%
95-1007.645.7AndorraArizona
75%
95-1008.647.5United StatesArizona
75%
95-1007.445.3BhutanThe Grand Canyon is located in which US state?Arizona
75%
95-1008.547.3GermanyArizona
75%
95-1008.346.9UkraineArizona
75%
95-1008.547.3GermanyArizona
75%
95-1008.647.5United StatesArizona
75%
95-1008.547.3GermanyArizona
75%
95-1008.647.5United StatesArizona
75%
95-1008.647.5United StatesArizona
75%
95-1008.647.5United StatesArizona
75%
95-1008.647.5United StatesArizona
75%
95-1008.647.5United StatesArizona
75%
95-1008.647.5United StatesArizona
75%
95-1008.647.5United StatesArizona
75%
95-1008.647.5United StatesArizona
75%
95-1008.547.3United KingdomArizona
75%
95-1008.547.3United KingdomArizona
75%
95-1008.547.3United KingdomArizona
75%
95-1008.547.3GermanyArizona
75%
95-1008.547.3United KingdomArizona
75%
95-1008.547.3GermanyArizona
75%
95-1008.547.3United KingdomArizona
75%
95-1008.547.3United KingdomArizona
75%
95-1008.547.3United KingdomArizona
75%
100-10511.953.4LesothoHonshu | Hokkaido | Kyushu | Shikoku
74%
100-10511.252.2JapanHonshu | Hokkaido | Kyushu | Shikoku
74%
100-10511.452.5AlbaniaHonshu | Hokkaido | Kyushu | Shikoku
74%
100-10511.552.7South KoreaHonshu | Hokkaido | Kyushu | Shikoku
74%
100-10511.552.7South KoreaHonshu | Hokkaido | Kyushu | Shikoku
74%
100-10511.252.2JapanHonshu | Hokkaido | Kyushu | Shikoku
74%
100-10511.552.7South KoreaHonshu | Hokkaido | Kyushu | Shikoku
74%
100-10511.552.7South KoreaHonshu | Hokkaido | Kyushu | Shikoku
74%
100-10511.552.7South KoreaHonshu | Hokkaido | Kyushu | Shikoku
74%
100-10512.153.8UzbekistanHonshu | Hokkaido | Kyushu | Shikoku
74%
100-10511.953.4San MarinoHonshu | Hokkaido | Kyushu | Shikoku
74%
100-10512.053.6AzerbaijanHonshu | Hokkaido | Kyushu | Shikoku
74%
100-10512.153.8UzbekistanHonshu | Hokkaido | Kyushu | Shikoku
74%
100-10512.153.8UzbekistanHonshu | Hokkaido | Kyushu | Shikoku
74%
100-10512.654.7AfghanistanHonshu | Hokkaido | Kyushu | Shikoku
74%
100-10512.654.7AfghanistanHonshu | Hokkaido | Kyushu | Shikoku
74%
100-10512.654.7AfghanistanHonshu | Hokkaido | Kyushu | Shikoku
74%
100-10512.654.7AfghanistanHonshu | Hokkaido | Kyushu | Shikoku
74%
100-10511.252.2JapanHonshu | Hokkaido | Kyushu | Shikoku
74%
100-10511.252.2JapanHonshu | Hokkaido | Kyushu | Shikoku
74%
100-10510.751.3FranceHonshu | Hokkaido | Kyushu | Shikoku
74%
100-10511.252.2JapanHonshu | Hokkaido | Kyushu | Shikoku
74%
100-10510.751.3FranceHonshu | Hokkaido | Kyushu | Shikoku
74%
100-10510.651.1BulgariaName one of the four main islands of JapanHonshu | Hokkaido | Kyushu | Shikoku
74%
100-10511.252.2JapanHonshu | Hokkaido | Kyushu | Shikoku
74%
100-10510.651.1New ZealandHonshu | Hokkaido | Kyushu | Shikoku
74%
100-10510.651.1SerbiaHonshu | Hokkaido | Kyushu | Shikoku
74%
100-10510.751.3FranceHonshu | Hokkaido | Kyushu | Shikoku
74%
100-10510.751.3FranceHonshu | Hokkaido | Kyushu | Shikoku
74%
100-10510.751.3FranceHonshu | Hokkaido | Kyushu | Shikoku
74%
100-10510.751.3FranceHonshu | Hokkaido | Kyushu | Shikoku
74%
100-10510.651.1MontenegroHonshu | Hokkaido | Kyushu | Shikoku
74%
100-10511.252.2JapanHonshu | Hokkaido | Kyushu | Shikoku
74%
100-10510.951.6CroatiaHonshu | Hokkaido | Kyushu | Shikoku
74%
100-10511.252.2JapanHonshu | Hokkaido | Kyushu | Shikoku
74%
100-10511.252.2JapanHonshu | Hokkaido | Kyushu | Shikoku
74%
100-10511.252.2JapanHonshu | Hokkaido | Kyushu | Shikoku
74%
100-10511.252.2JapanHonshu | Hokkaido | Kyushu | Shikoku
74%
100-10511.252.2JapanHonshu | Hokkaido | Kyushu | Shikoku
74%
100-10511.252.2JapanHonshu | Hokkaido | Kyushu | Shikoku
74%
100-10510.751.3FranceHonshu | Hokkaido | Kyushu | Shikoku
74%
105-11516.361.3TunisiaBeirut
72%
105-11518.164.6MoroccoBeirut
72%
105-11517.463.3LebanonBeirut
72%
105-11514.858.6ArgentinaBeirut
72%
105-11516.261.1Vatican CityBeirut
72%
105-11515.259.4PortugalBeirut
72%
105-11515.159.2TurkmenistanBeirut
72%
105-11518.164.6MoroccoBeirut
72%
105-11518.164.6MoroccoBeirut
72%
105-11518.364.9IranBeirut
72%
105-11518.164.6MoroccoBeirut
72%
105-11518.364.9IranBeirut
72%
105-11518.364.9IranBeirut
72%
105-11518.364.9IranBeirut
72%
105-11518.364.9IranBeirut
72%
105-11518.364.9IranBeirut
72%
105-11518.364.9IranBeirut
72%
105-11518.364.9IranBeirut
72%
105-11514.858.6ArgentinaBeirut
72%
105-11513.155.6MyanmarBeirut
72%
105-11514.858.6ArgentinaBeirut
72%
105-11513.355.9SpainBeirut
72%
105-11514.858.6ArgentinaBeirut
72%
105-11513.155.6MyanmarBeirut
72%
105-11513.155.6MyanmarBeirut
72%
105-11513.155.6MyanmarBeirut
72%
105-11513.355.9SpainBeirut
72%
105-11513.355.9SpainBeirut
72%
105-11513.355.9SpainBeirut
72%
105-11513.355.9SpainBeirut
72%
105-11513.155.6MyanmarWhat is the capital of LebanonBeirut
72%
105-11513.556.3ItalyBeirut
72%
105-11513.556.3ItalyBeirut
72%
105-11513.556.3ItalyBeirut
72%
105-11513.556.3ItalyBeirut
72%
105-11513.556.3ItalyBeirut
72%
105-11514.457.9GreeceBeirut
72%
105-11514.658.3MonacoBeirut
72%
105-11513.556.3ItalyBeirut
72%
105-11514.858.6ArgentinaBeirut
72%
125-12824.075.2D.R. CongoWhat is the most populous city in South America?Sao Paulo
69%
125-12824.676.3R. CongoSao Paulo
69%
125-12824.676.3Equatorial GuineaSao Paulo
69%
125-12824.676.3CameroonSao Paulo
69%
125-12824.676.3Dominican RepublicSao Paulo
69%
125-12824.676.3CameroonSao Paulo
69%
125-12824.676.3CameroonSao Paulo
69%
125-12824.776.5Saudi ArabiaSao Paulo
69%
125-12824.576.1VietnamSao Paulo
69%
125-12824.776.5Saudi ArabiaSao Paulo
69%
125-12824.876.6KenyaSao Paulo
69%
125-12824.776.5Saudi ArabiaSao Paulo
69%
125-12824.876.6Costa RicaSao Paulo
69%
125-12824.876.6KenyaSao Paulo
69%
125-12824.876.6KenyaSao Paulo
69%
125-12824.876.6KenyaSao Paulo
69%
125-12824.876.6KenyaSao Paulo
69%
125-12824.976.8BahamasSao Paulo
69%
125-12824.976.8Central African RepublicSao Paulo
69%
125-12824.576.1VietnamSao Paulo
69%
125-12824.976.8NicaraguaSao Paulo
69%
125-12825.077.0BangladeshSao Paulo
69%
125-12824.976.8HaitiSao Paulo
69%
125-12824.576.1El SalvadorSao Paulo
69%
125-12824.576.1VietnamSao Paulo
69%
125-12824.475.9FijiSao Paulo
69%
125-12825.077.0BangladeshSao Paulo
69%
125-12824.075.2D.R. CongoSao Paulo
69%
125-12824.075.2D.R. CongoSao Paulo
69%
125-12824.075.2D.R. CongoSao Paulo
69%
125-12824.075.2D.R. CongoSao Paulo
69%
125-12824.075.2D.R. CongoSao Paulo
69%
125-12824.075.2D.R. CongoSao Paulo
69%
125-12824.075.2D.R. CongoSao Paulo
69%
125-12824.075.2D.R. CongoSao Paulo
69%
125-12824.075.2VanuatuSao Paulo
69%
125-12824.576.1ColombiaSao Paulo
69%
125-12824.576.1VietnamSao Paulo
69%
125-12824.576.1ColombiaSao Paulo
69%
125-12824.576.1ColombiaSao Paulo
69%
125-12824.576.1ColombiaSao Paulo
69%
125-12824.576.1ColombiaSao Paulo
69%
125-12824.576.1St. Kitts & NevisSao Paulo
69%
125-12824.576.1VietnamSao Paulo
69%
125-12824.576.1VietnamSao Paulo
69%
125-12824.576.1VietnamSao Paulo
69%
125-12824.576.1VietnamSao Paulo
69%
125-12824.576.1VietnamSao Paulo
69%
125-12824.576.1VietnamSao Paulo
69%
125-12825.077.0BangladeshSao Paulo
69%
125-12825.077.0BrazilSao Paulo
69%
125-12825.077.0BangladeshSao Paulo
69%
125-12825.377.5Papua New GuineaSao Paulo
69%
125-12825.077.0BrazilSao Paulo
69%
125-12825.077.0BrazilSao Paulo
69%
125-12825.077.0BrazilSao Paulo
69%
125-12825.077.0BrazilSao Paulo
69%
125-12825.077.0JamaicaSao Paulo
69%
125-12825.177.2GabonSao Paulo
69%
125-12825.277.4CubaSao Paulo
69%
125-12825.377.5BelizeSao Paulo
69%
125-12825.377.5East TimorSao Paulo
69%
125-12825.377.5LiberiaSao Paulo
69%
125-12825.377.5TongaSao Paulo
69%
125-12825.077.0BrazilSao Paulo
69%
125-12825.477.7KuwaitSao Paulo
69%
125-12825.477.7MalaysiaSao Paulo
69%
125-12825.477.7MalaysiaSao Paulo
69%
125-12825.477.7MalaysiaSao Paulo
69%
125-12825.477.7PanamaSao Paulo
69%
125-12825.477.7VenezuelaSao Paulo
69%
125-12825.477.7VenezuelaSao Paulo
69%
125-12825.577.9EritreaSao Paulo
69%
125-12825.577.9St. LuciaSao Paulo
69%
125-12825.077.0BangladeshSao Paulo
69%
125-12825.077.0BrazilSao Paulo
69%
125-12825.477.7VenezuelaSao Paulo
69%
125-12825.077.0BrazilSao Paulo
69%
125-12825.077.0BangladeshSao Paulo
69%
125-12825.077.0BangladeshSao Paulo
69%
125-12825.077.0BrazilSao Paulo
69%
125-12825.077.0BangladeshSao Paulo
69%
125-12825.077.0BangladeshSao Paulo
69%
125-12825.077.0BangladeshSao Paulo
69%
125-12825.077.0BangladeshSao Paulo
69%
125-12825.077.0BangladeshSao Paulo
69%
125-12825.077.0BangladeshSao Paulo
69%
125-12825.077.0BangladeshSao Paulo
69%
125-12825.077.0BangladeshSao Paulo
69%
125-12825.077.0BangladeshSao Paulo
69%
125-12825.077.0BrazilSao Paulo
69%
125-12825.077.0BrazilSao Paulo
69%
125-12825.077.0BrazilSao Paulo
69%
125-12825.077.0BrazilSao Paulo
69%
125-12825.077.0BrazilSao Paulo
69%
125-12825.077.0BrazilSao Paulo
69%
125-12825.077.0BrazilSao Paulo
69%
125-12825.077.0BrazilSao Paulo
69%
125-12825.077.0BrazilSao Paulo
69%
125-12825.077.0BrazilSao Paulo
69%
125-12825.077.0BrazilSao Paulo
69%
125-12825.077.0BrazilSao Paulo
69%
120-12523.774.7IndiaAgra
65%
120-12523.774.7IndiaAgra
65%
120-12523.774.7IndiaAgra
65%
120-12523.774.7IndiaAgra
65%
120-12523.774.7IndiaAgra
65%
120-12523.774.7IndiaAgra
65%
120-12523.774.7IndiaAgra
65%
120-12523.774.7IndiaAgra
65%
120-12523.774.7IndiaAgra
65%
120-12523.774.7IndiaAgra
65%
120-12523.774.7IndiaAgra
65%
120-12523.774.7IndiaAgra
65%
120-12523.774.7IndiaAgra
65%
120-12523.774.7IndiaAgra
65%
120-12523.774.7IndiaAgra
65%
120-12523.774.7IndiaAgra
65%
120-12523.774.7IndiaAgra
65%
120-12523.774.7IndiaAgra
65%
120-12523.774.7IndiaAgra
65%
120-12523.774.7IndiaAgra
65%
120-12523.774.7IndiaAgra
65%
120-12523.774.7IndiaAgra
65%
120-12523.774.7IndiaAgra
65%
120-12523.774.7IndiaAgra
65%
120-12523.774.7IndiaAgra
65%
120-12523.774.7IndiaAgra
65%
120-12523.774.7IndiaAgra
65%
120-12523.774.7IndiaAgra
65%
120-12523.774.7IndiaAgra
65%
120-12523.774.7IndiaAgra
65%
120-12523.774.7IndiaAgra
65%
120-12523.774.7IndiaAgra
65%
120-12523.774.7IndiaAgra
65%
120-12523.774.7IndiaAgra
65%
120-12523.774.7IndiaAgra
65%
120-12523.774.7IndiaAgra
65%
120-12523.774.7IndiaAgra
65%
120-12523.774.7IndiaAgra
65%
120-12523.774.7IndiaAgra
65%
120-12523.774.7IndiaAgra
65%
120-12523.774.7IndiaAgra
65%
120-12523.774.7IndiaAgra
65%
120-12523.774.7IndiaAgra
65%
120-12523.774.7IndiaAgra
65%
120-12523.774.7IndiaAgra
65%
120-12523.774.7IndiaAgra
65%
120-12523.774.7IndiaAgra
65%
120-12523.774.7IndiaAgra
65%
120-12523.774.7IndiaAgra
65%
120-12523.774.7IndiaAgra
65%
120-12523.774.7IndiaAgra
65%
120-12523.774.7IndiaAgra
65%
120-12523.774.7IndiaAgra
65%
120-12523.774.7IndiaAgra
65%
120-12523.874.8MozambiqueAgra
65%
120-12523.874.8MozambiqueAgra
65%
120-12523.874.8MozambiqueAgra
65%
120-12523.874.8Sao Tome & PrincipeAgra
65%
120-12523.975.0YemenAgra
65%
120-12523.975.0YemenAgra
65%
120-12523.975.0YemenAgra
65%
120-12523.774.7IndiaAgra
65%
120-12523.774.7IndiaAgra
65%
120-12523.774.7IndiaAgra
65%
120-12523.774.7IndiaAgra
65%
120-12523.774.7IndiaAgra
65%
120-12523.774.7IndiaAgra
65%
120-12523.774.7IndiaAgra
65%
120-12523.774.7IndiaAgra
65%
120-12523.774.7IndiaAgra
65%
120-12523.774.7IndiaAgra
65%
120-12523.774.7IndiaAgra
65%
120-12523.774.7IndiaAgra
65%
120-12523.774.7IndiaAgra
65%
120-12523.774.7IndiaAgra
65%
120-12523.774.7IndiaAgra
65%
120-12523.774.7IndiaAgra
65%
120-12523.774.7IndiaAgra
65%
120-12523.774.7IndiaAgra
65%
120-12523.774.7IndiaAgra
65%
120-12523.774.7IndiaAgra
65%
120-12523.774.7IndiaAgra
65%
120-12523.774.7IndiaAgra
65%
120-12523.774.7IndiaAgra
65%
120-12523.774.7IndiaAgra
65%
120-12521.971.4EcuadorAgra
65%
120-12523.774.7IndiaAgra
65%
120-12522.472.3TanzaniaAgra
65%
120-12522.272.0EthiopiaAgra
65%
120-12522.272.0EthiopiaAgra
65%
120-12522.272.0EthiopiaAgra
65%
120-12522.272.0EthiopiaAgra
65%
120-12522.272.0EthiopiaAgra
65%
120-12522.272.0EthiopiaAgra
65%
120-12522.272.0EthiopiaAgra
65%
120-12522.272.0EthiopiaAgra
65%
120-12522.272.0EthiopiaAgra
65%
120-12522.272.0EthiopiaAgra
65%
120-12522.472.3DominicaAgra
65%
120-12522.472.3MauritiusAgra
65%
120-12522.472.3TanzaniaAgra
65%
120-12522.472.3TanzaniaAgra
65%
120-12522.171.8EgyptAgra
65%
120-12522.472.3TanzaniaAgra
65%
120-12522.472.3TanzaniaAgra
65%
120-12522.772.9MadagascarAgra
65%
120-12522.772.9MadagascarAgra
65%
120-12522.772.9MadagascarAgra
65%
120-12522.873.0LaosAgra
65%
120-12522.873.0UgandaAgra
65%
120-12522.873.0UgandaAgra
65%
120-12522.873.0UgandaAgra
65%
120-12522.873.0UgandaAgra
65%
120-12522.873.0UgandaAgra
65%
120-12523.374.0Cape VerdeAgra
65%
120-12523.574.3GuatemalaAgra
65%
120-12522.272.0EthiopiaAgra
65%
120-12522.171.8EgyptAgra
65%
120-12523.574.3HondurasAgra
65%
120-12521.771.1AustraliaAgra
65%
120-12523.774.7IndiaAgra
65%
120-12521.670.1AngolaIn what city is the Taj Mahal located in?Agra
65%
120-12521.670.1AngolaAgra
65%
120-12521.670.1AngolaAgra
65%
120-12521.470.5EswatiniAgra
65%
120-12521.470.5IraqAgra
65%
120-12521.470.5IraqAgra
65%
120-12521.470.5IraqAgra
65%
120-12521.470.5IraqAgra
65%
120-12521.470.5ZambiaAgra
65%
120-12521.470.5ZambiaAgra
65%
120-12521.570.7BotswanaAgra
65%
120-12521.670.9BoliviaAgra
65%
120-12521.771.1AustraliaAgra
65%
120-12522.171.8EgyptAgra
65%
120-12521.771.1AustraliaAgra
65%
120-12521.871.2LibyaAgra
65%
120-12521.971.4EcuadorAgra
65%
120-12521.971.4MalawiAgra
65%
120-12521.971.4MalawiAgra
65%
120-12522.071.6TaiwanAgra
65%
120-12522.071.6TaiwanAgra
65%
120-12522.171.8EgyptAgra
65%
120-12522.171.8EgyptAgra
65%
120-12522.171.8EgyptAgra
65%
120-12522.171.8EgyptAgra
65%
120-12522.171.8EgyptAgra
65%
120-12522.171.8EgyptAgra
65%
120-12522.171.8EgyptAgra
65%
120-12523.574.3GuatemalaAgra
65%
120-12522.472.3TanzaniaAgra
65%
120-12523.674.5ParaguayAgra
65%
120-12523.774.7IndiaAgra
65%
120-12523.774.7IndiaAgra
65%
120-12523.774.7IndiaAgra
65%
120-12523.774.7IndiaAgra
65%
120-12523.774.7IndiaAgra
65%
120-12523.774.7IndiaAgra
65%
120-12523.774.7IndiaAgra
65%
120-12523.774.7IndiaAgra
65%
120-12523.774.7IndiaAgra
65%
120-12523.774.7IndiaAgra
65%
120-12523.774.7IndiaAgra
65%
120-12523.774.7IndiaAgra
65%
120-12523.774.7IndiaAgra
65%
120-12523.774.7IndiaAgra
65%
120-12523.774.7IndiaAgra
65%
120-12523.774.7IndiaAgra
65%
120-12523.774.7IndiaAgra
65%
120-12523.774.7IndiaAgra
65%
120-12523.774.7IndiaAgra
65%
120-12523.774.7IndiaAgra
65%
120-12523.774.7IndiaAgra
65%
120-12523.774.7IndiaAgra
65%
120-12523.774.7IndiaAgra
65%
120-12523.774.7IndiaAgra
65%
120-12523.774.7IndiaAgra
65%
120-12523.774.7IndiaAgra
65%
120-12523.774.7IndiaAgra
65%
120-12523.774.7IndiaAgra
65%
120-12523.774.7IndiaAgra
65%
120-12523.774.7IndiaAgra
65%
120-12523.774.7IndiaAgra
65%
120-12523.774.7IndiaAgra
65%
120-12523.774.7IndiaAgra
65%
120-12523.774.7IndiaAgra
65%
120-12523.774.7IndiaAgra
65%
120-12523.774.7IndiaAgra
65%
120-12523.774.7IndiaAgra
65%
120-12523.774.7IndiaAgra
65%
120-12523.774.7IndiaAgra
65%
120-12523.774.7IndiaAgra
65%
120-12523.774.7IndiaAgra
65%
120-12523.774.7IndiaAgra
65%
120-12523.774.7IndiaAgra
65%
120-12523.774.7IndiaAgra
65%
120-12523.774.7IndiaAgra
65%
120-12523.774.7IndiaAgra
65%
120-12523.774.7IndiaAgra
65%
120-12523.774.7IndiaAgra
65%
120-12523.774.7IndiaAgra
65%
120-12523.774.7IndiaAgra
65%
120-12523.774.7IndiaAgra
65%
120-12523.774.7IndiaAgra
65%
120-12523.774.7IndiaAgra
65%
120-12523.774.7IndiaAgra
65%
120-12523.774.7IndiaAgra
65%
120-12523.774.7IndiaAgra
65%
120-12523.774.7IndiaAgra
65%
120-12523.774.7IndiaAgra
65%
120-12523.774.7IndiaAgra
65%
120-12523.774.7IndiaAgra
65%
120-12523.774.7IndiaAgra
65%
120-12523.774.7IndiaAgra
65%
120-12523.774.7IndiaAgra
65%
115-12020.669.1PeruCancun
65%
115-12020.268.4IsraelCancun
65%
115-12020.268.4MaltaCancun
65%
115-12020.669.1PeruCancun
65%
115-12020.669.1PeruCancun
65%
115-12021.069.8MexicoCancun
65%
115-12020.869.4BurundiCancun
65%
115-12021.069.8MexicoCancun
65%
115-12021.069.8MexicoCancun
65%
115-12021.069.8MexicoCancun
65%
115-12021.069.8MexicoCancun
65%
115-12019.366.7JordanCancun
65%
115-12019.567.1CyprusCancun
65%
115-12018.865.8South AfricaCancun
65%
115-12018.966.0RwandaCancun
65%
115-12018.865.8SyriaCancun
65%
115-12018.865.8SyriaCancun
65%
115-12018.865.8South AfricaCancun
65%
115-12018.865.8South AfricaCancun
65%
115-12018.865.8South AfricaCancun
65%
115-12018.865.8South AfricaCancun
65%
115-12018.865.8South AfricaCancun
65%
115-12018.865.8AlgeriaCancun
65%
115-12018.865.8AlgeriaCancun
65%
115-12018.865.8AlgeriaCancun
65%
115-12018.865.8AlgeriaCancun
65%
115-12018.665.5UruguayResort city on the Yucatan peninsulaCancun
65%
115-12021.069.8MexicoCancun
65%
115-12021.069.8MexicoCancun
65%
115-12021.069.8MexicoCancun
65%
115-12021.069.8MexicoCancun
65%
115-12021.069.8PakistanCancun
65%
115-12021.069.8ZimbabweCancun
65%
115-12021.069.8PakistanCancun
65%
115-12021.069.8PakistanCancun
65%
115-12021.069.8PakistanCancun
65%
115-12021.069.8PakistanCancun
65%
115-12021.069.8PakistanCancun
65%
115-12021.069.8PakistanCancun
65%
115-12021.069.8PakistanCancun
65%
115-12021.069.8PakistanCancun
65%
115-12021.069.8PakistanCancun
65%
115-12021.069.8PakistanCancun
65%
115-12021.069.8PakistanCancun
65%
115-12021.069.8PakistanCancun
65%
115-12021.069.8PakistanCancun
65%
115-12021.069.8PakistanCancun
65%
115-12021.069.8PakistanCancun
65%
115-12021.069.8MexicoCancun
65%
115-12021.069.8MexicoCancun
65%
115-12021.069.8MexicoCancun
65%
115-12021.069.8NamibiaCancun
65%
115-12021.069.8MexicoCancun
65%
115-12021.069.8PakistanCancun
65%
115-12021.069.8PakistanCancun
65%
115-12021.069.8PakistanCancun
65%
115-12021.069.8PakistanCancun
65%
115-12021.069.8PakistanCancun
65%
115-12021.069.8PakistanCancun
65%
128-13025.978.6PhilippinesLuzon
62%
128-13026.078.8Antigua & BarbudaLuzon
62%
128-13025.978.6PhilippinesLuzon
62%
128-13025.978.6PhilippinesLuzon
62%
128-13025.978.6PhilippinesLuzon
62%
128-13025.978.6PhilippinesLuzon
62%
128-13025.978.6PhilippinesLuzon
62%
128-13025.978.6PhilippinesLuzon
62%
128-13025.978.6PhilippinesLuzon
62%
128-13025.978.6PhilippinesLuzon
62%
128-13025.978.6PhilippinesLuzon
62%
128-13025.978.6PhilippinesLuzon
62%
128-13026.078.8BarbadosLuzon
62%
128-13025.978.6IndonesiaLuzon
62%
128-13026.679.9ChadLuzon
62%
128-13026.078.8GuyanaLuzon
62%
128-13026.379.3ThailandLuzon
62%
128-13026.379.3ThailandLuzon
62%
128-13026.379.3ThailandLuzon
62%
128-13026.379.3ThailandLuzon
62%
128-13026.379.3ThailandLuzon
62%
128-13026.379.3ThailandLuzon
62%
128-13026.379.3ThailandLuzon
62%
128-13026.479.5Ivory CoastLuzon
62%
128-13026.479.5Ivory CoastLuzon
62%
128-13026.479.5Ivory CoastLuzon
62%
128-13026.579.7SingaporeLuzon
62%
128-13026.679.9ChadLuzon
62%
128-13025.978.6IndonesiaLuzon
62%
128-13025.978.6IndonesiaLuzon
62%
128-13026.179.0Sierra LeoneLuzon
62%
128-13025.978.6IndonesiaLuzon
62%
128-13025.978.6IndonesiaLuzon
62%
128-13025.978.6IndonesiaLuzon
62%
128-13025.678.1OmanLuzon
62%
128-13025.778.3GuineaLuzon
62%
128-13025.778.3Solomon IslandsLuzon
62%
128-13025.778.3SurinameLuzon
62%
128-13025.878.4Trinidad & TobagoLuzon
62%
128-13025.978.6F.S. MicronesiaLuzon
62%
128-13025.978.6IndonesiaLuzon
62%
128-13025.978.6IndonesiaLuzon
62%
128-13025.978.6IndonesiaLuzon
62%
128-13025.978.6IndonesiaLuzon
62%
128-13025.978.6IndonesiaLuzon
62%
128-13025.978.6IndonesiaLuzon
62%
128-13025.678.1ComorosWhat island is Manila located on?Luzon
62%
128-13025.978.6IndonesiaLuzon
62%
128-13025.978.6IndonesiaLuzon
62%
128-13025.978.6IndonesiaLuzon
62%
128-13025.978.6IndonesiaLuzon
62%
128-13025.978.6IndonesiaLuzon
62%
128-13025.978.6IndonesiaLuzon
62%
128-13025.978.6IndonesiaLuzon
62%
128-13025.978.6IndonesiaLuzon
62%
128-13025.978.6IndonesiaLuzon
62%
128-13025.978.6IndonesiaLuzon
62%
128-13025.978.6IndonesiaLuzon
62%
128-13025.978.6IndonesiaLuzon
62%
128-13025.978.6IndonesiaLuzon
62%
128-13025.978.6IndonesiaLuzon
62%
128-13025.978.6IndonesiaLuzon
62%
>13027.281.0GhanaLagos
57%
>13027.281.0SeychellesLagos
57%
>13027.281.0QatarLagos
57%
>13027.281.0NigerLagos
57%
>13027.281.0NigerLagos
57%
>13027.281.0BahrainLagos
57%
>13027.281.0GhanaLagos
57%
>13027.281.0GhanaLagos
57%
>13027.180.8SomaliaLagos
57%
>13027.180.8SomaliaLagos
57%
>13027.080.6United Arab EmiratesLagos
57%
>13027.281.0TogoLagos
57%
>13027.080.6Sri LankaLagos
57%
>13027.982.2SenegalLagos
57%
>13027.481.3Marshall IslandsLagos
57%
>13027.581.5GambiaLagos
57%
>13027.681.7BeninLagos
57%
>13027.681.7PalauLagos
57%
>13027.781.9MaldivesLagos
57%
>13027.781.9MauritaniaLagos
57%
>13027.982.2SenegalLagos
57%
>13028.082.4DjiboutiLagos
57%
>13028.082.4TuvaluLagos
57%
>13028.182.6South SudanLagos
57%
>13028.282.8KiribatiLagos
57%
>13028.382.9Burkina FasoLagos
57%
>13028.382.9Burkina FasoLagos
57%
>13028.382.9MaliLagos
57%
>13027.080.6NauruLagos
57%
>13027.080.6Sri LankaLagos
57%
>13026.880.2NigeriaLagos
57%
>13026.980.4SudanLagos
57%
>13026.880.2NigeriaLagos
57%
>13026.780.1GrenadaWhat is the projected most populous city in 2100?Lagos
57%
>13026.780.1SamoaLagos
57%
>13026.880.2CambodiaLagos
57%
>13026.880.2CambodiaLagos
57%
>13026.880.2Guinea-BissauLagos
57%
>13026.880.2NigeriaLagos
57%
>13026.880.2NigeriaLagos
57%
>13026.880.2NigeriaLagos
57%
>13026.880.2NigeriaLagos
57%
>13026.880.2NigeriaLagos
57%
>13026.880.2NigeriaLagos
57%
>13026.880.2NigeriaLagos
57%
>13026.880.2NigeriaLagos
57%
>13026.880.2NigeriaLagos
57%
>13026.980.4SudanLagos
57%
>13026.880.2NigeriaLagos
57%
>13026.880.2NigeriaLagos
57%
>13026.880.2NigeriaLagos
57%
>13026.880.2NigeriaLagos
57%
>13026.880.2NigeriaLagos
57%
>13026.880.2NigeriaLagos
57%
>13026.880.2NigeriaLagos
57%
>13026.880.2NigeriaLagos
57%
>13026.880.2NigeriaLagos
57%
>13026.880.2NigeriaLagos
57%
>13026.880.2St. Vincent & the GrenadinesLagos
57%
>13026.980.4BruneiLagos
57%
>13026.980.4SudanLagos
57%
>13026.980.4SudanLagos
57%
>13028.382.9MaliLagos
57%

Score Distribution

Percentile by Number Answered

Percent of People with Each Score

Your Score History

You have not taken this quiz